000 00446nam a2200181Ia 4500
001 22789
005 20260414150854.0
008 260414t2011||||xx |||||||||||||| ||spa||
041 _aESP
082 _a622.098501
_bP48
100 _aPetersen G., Georg,
_eAUT
245 0 _aMinería y metalurgía en el antiguo Perú
_b
260 _c2011
300 _a118 páginas :
_c27 cm.
650 _aTCA
654 _aCII
942 _cLIB
_dJUS
_fJUS
_2ddc
_n
999 _c22789
_d22789